00537pab a2200181 454500008004000000100001800040245005000058260000900108300001100117362000800128650002400136650002100160700002200181773002000203909001000223999001700233952010500250180718b2002 xxu||||| |||| 00| 0 eng d aPillai, Latha a2002: The year of quality in higher education c2002 ap.1-2. aAug aEducational quality aHigher education aPonmundiraj, B.S. aUniversity News a53223 c53223d53223 00104070aIIPAbIIPAd2018-07-19hVolume no: 40, Issue no: 31pAR53660r2018-07-19w2018-07-19yAR